The attack on pearl harbor / (Record no. 7791)

MARC details
000 -LEADER
fixed length control field 00939nam a22002777a 4500
001 - CONTROL NUMBER
control field 7791
003 - CONTROL NUMBER IDENTIFIER
control field FISKH
005 - DATE AND TIME OF LATEST TRANSACTION
control field 20250806163204.0
008 - FIXED-LENGTH DATA ELEMENTS--GENERAL INFORMATION
fixed length control field 250806b cb ||||| |||| 00| 0 eng d
020 ## - INTERNATIONAL STANDARD BOOK NUMBER
International Standard Book Number 9780531219591
040 ## - CATALOGING SOURCE
Original cataloging agency FISKH
Language of cataloging eng
Transcribing agency FISKH
Modifying agency FISKH
050 ## - LIBRARY OF CONGRESS CALL NUMBER
Classification number QL737.C432 F68
082 ## - DEWEY DECIMAL CLASSIFICATION NUMBER
Classification number 599.53
100 ## - MAIN ENTRY--PERSONAL NAME
Personal name Benoit, Peter
245 ## - TITLE STATEMENT
Title The attack on pearl harbor /
Statement of responsibility, etc. By Peter Benoit
260 ## - PUBLICATION, DISTRIBUTION, ETC.
Place of publication, distribution, etc. New York :
Name of publisher, distributor, etc. Scholastic ,
Date of publication, distribution, etc. 2013.
300 ## - PHYSICAL DESCRIPTION
Extent 64 pages :
Other physical details color illustrations ;
Dimensions 23 cm .
490 ## - SERIES STATEMENT
Series statement Cornerstones of Freedom
Volume/sequential designation Third Series
505 ## - FORMATTED CONTENTS NOTE
Formatted contents note Z <br/>
520 ## - SUMMARY, ETC.
Summary, etc. Traces the events leading up to Japan's attack on Pearl Harbor in 1941, the details of the attack itself, and the ensuing reaction of the United States.
521 8# - TARGET AUDIENCE NOTE
Target audience note 1090 <br/>
Source Lexile <br/>
521 8# - TARGET AUDIENCE NOTE
Target audience note R <br/>
Source Raz-Plus <br/>
650 ## - SUBJECT ADDED ENTRY--TOPICAL TERM
Topical term or geographic name entry element Pearl Harbor ( Hawii) , Attack on, 1941
Form subdivision Juvenile Literature
942 ## - ADDED ENTRY ELEMENTS (KOHA)
Source of classification or shelving scheme Dewey Decimal Classification
Koha item type Books
Suppress in OPAC No
Holdings
Withdrawn status Lost status Source of classification or shelving scheme Damaged status Not for loan Collection Home library Current library Shelving location Date acquired Total Checkouts Full call number Barcode Date last seen Price effective from Koha item type
    Dewey Decimal Classification     Non-Fiction Footprints International School Library Network Toul Tom Poung Campus Footprints International School Library Network Toul Tom Poung Campus TTP Secondary Non-Fiction Bookshelves 08/06/2025   BEN 940.54 D767 .B44 FISTK05508 08/06/2025 08/06/2025 Books